Central Library OPAC University of Rajshahi

কোর্-আন ও জীবন-দর্শন / (Record no. 2159)

MARC details
000 -LEADER
fixed length control field 00864nam a2200217 a 4500
001 - CONTROL NUMBER
control field 2159
003 - CONTROL NUMBER IDENTIFIER
rucl marc code BD-RjUL
005 - DATE AND TIME OF LATEST TRANSACTION
control field 20211208233508.0
008 - FIXED-LENGTH DATA ELEMENTS--GENERAL INFORMATION
fixed length control field 190509s1965 bg 00000 ben d
035 ## - SYSTEM CONTROL NUMBER
System control number (BD-RjUL)2186
040 ## - CATALOGING SOURCE
Original cataloging agency BD-RjUL
Language of cataloging eng
Transcribing agency BD-RjUL
041 ## - LANGUAGE CODE
Language code of text/sound track or separate title eng
082 04 - DEWEY DECIMAL CLASSIFICATION NUMBER
Classification number 297.1226
Author mark and year RAK 1965
100 ## - MAIN ENTRY--PERSONAL NAME
Personal name রহমান, আবদুর
9 (RLIN) 116670
245 ## - TITLE STATEMENT
Title কোর্-আন ও জীবন-দর্শন /
Statement of responsibility, etc. আবদুর রহমান
Number of part/section of a work তৃতীয় খণ্ড
260 ## - PUBLICATION, DISTRIBUTION, ETC. (IMPRINT)
Place of publication, distribution, etc. চট্টগ্রাম :
Name of publisher, distributor, etc. রহমান সন্স পাবলিকেসান্স,
Date of publication, distribution, etc. ১৯৬৫
300 ## - PHYSICAL DESCRIPTION
Pagination ৪০৬-৭৯৩ পৃ. ;
Size ২৪ সেমি.
650 ## - SUBJECT ADDED ENTRY--TOPICAL TERM
Topical term or geographic name as entry element কোরান
Form subdivision ব্যাখ্যা ও আলোচনা
9 (RLIN) 116671
Topical term or geographic name as entry element Qurʼan
General subdivision Criticism, interpretation, etc.
9 (RLIN) 116672
942 ## - ADDED ENTRY ELEMENTS (KOHA)
Source of classification or shelving scheme Dewey Decimal Classification
Koha item type Books
Holdings
Lost status Source of classification or shelving scheme Damaged status Not for loan Collection code Permanent Location Current Location Shelving location Date acquired Source of acquisition Cost, normal purchase price Total Checkouts Full call number Date last seen Copy number Koha item type
  Dewey Decimal Classification   Not For Loan Non-fiction Central Library, University of Rajshahi Central Library, University of Rajshahi Reading Room 12/02/1968 New age publication 8.00   B 297.1226 RAK V-3 1965 09/05/2015 C-1 Books
  Dewey Decimal Classification     Non-fiction Central Library, University of Rajshahi Central Library, University of Rajshahi   12/02/1968 New age publication 8.00   B 297.1226 RAK V-3 1965 09/05/2015 C-2 Books